000 00305nam a22001337a 4500
003 NUST
005 20251009175508.0
020 _a0710615604
082 _a358.8,SPA
245 _aJane's Space Directory 1997-98 /
260 _aU.K
_bJane's Information Group
_c1997
300 _a551 p
942 _2ddc
_cBK
999 _c615149
_d615149